Giovani blues : under 25 : la prima inchiesta letteraria sui ragazzi italiani dopo il 1960, in tredici racconti inediti sulla realtà giovanile di questi anni.
Salvato in:
| Natura: | Libro |
|---|---|
| Lingua: | italiano |
| Pubblicazione: |
Milano :
Costlan,
2005
|
| Serie: | Ritmi ;
96 |
| Tags: |
Nessun Tag, puoi essere il primo ad aggiungerne!!
|
MARC
| LEADER | 00000nam a22000007i 4500 | ||
|---|---|---|---|
| 001 | IT\ICCU\UBO\2765143 | ||
| 003 | ItRI | ||
| 005 | 20250418162128.0 | ||
| 008 | 050718s2005 it |||||| ||||| |||||c | ||
| 020 | |a 8874370083 | ||
| 040 | |b ita |c Arcigay Genova | ||
| 041 | 7 | |a ita |2 ISO-639-2 | |
| 130 | 0 | |a Giovani blues | |
| 245 | 0 | 0 | |a Giovani blues : |b under 25 : la prima inchiesta letteraria sui ragazzi italiani dopo il 1960, in tredici racconti inediti sulla realtà giovanile di questi anni. |
| 260 | |a Milano : |b Costlan, |c 2005 | ||
| 300 | |a 192 p. ; |c 18 cm. | ||
| 830 | 0 | |a Ritmi ; |v 96 |0 IT\ICCU\UBO\2777455 | |
| 942 | |2 ddc |c BK | ||
| 952 | |0 0 |1 0 |2 ddc |4 0 |6 853_920800000000000_AAV_UND |7 1 |9 3856 |a GE |b GE |d 2025-04-18 |l 0 |o 853.9208 AAV UND |p 1559 |r 2025-04-18 16:20:00 |w 2025-04-18 |x Donazione di Alvaro Bazzano |y BK |z Donazione AB | ||
| 981 | 1 | |6 z01 |a i |b xxxe | |
| 982 | 1 | |6 z01 |a n | |
| 999 | |c 3007 |d 3007 | ||